000 00585cam a2200217ua 4500
001 11615
008 191012n ii |||gr||||Z||||||eng
020 _a9780199474417
040 _cMAIN
041 _aeng
082 _a300.072
100 _aSukhadeo Thorat,
_eEditor.
245 _aSocial science research in India :
_bstatus, issues and policies /
_cEdited by Sukhadeo Thorat .
250 _a1st ed.
260 _aNew Delhi:
_bOxford,
_c2017.
300 _a613p.
653 _aSocial sciences
653 _aSocial research
700 _aSamar Verma,
_eEditor.
942 _cBK
999 _c10431
_d10431